000 01700cam a22004814i 4500
003 PE-LiUPU
005 20250731184605.0
008 150616s r 000 0 d
020 _a0674397312
035 _a(Sirsi) i9780674397316
040 _aPE-LiUPU
_bspa
_cPE-LiUPU
_erda
049 _aPRUA
082 0 4 _a956.94
_bB38
_221
100 1 _aBen-Sasson, H. H.,
_eautor.
245 1 2 _aA History of The Jewish People.
264 1 _aMassachusetts :
_bHarvard University Press,
_c1994.
300 _a1170 páginas :
_bIlustraciones ;
_c24 centímetros
336 _atext
_2rdacontent
337 _aunmediated
_2rdamedia
338 _avolume
_2rdacarrier
504 _aIncluye bibliografía.
505 0 _aOrigins and the formative period -- The period of the first temple, the Babylonian exile and restoration -- The period of the second temple -- The era of the Mishnah and Talmud(70-640) -- The middle ages -- The modern period.
526 _aP136
526 _aP135
526 _aP134
526 _aP133
526 _aP144
526 _aP143
526 _aP87
526 _aP35
526 _aP20
526 _aP14
526 _aP10
526 _aP06
650 0 4 _aISRAEL - HISTORIA.
910 _ajck
_bjvq
_cjck
942 _2ddc
_cBOOK
949 _a956.94 B38
_wDEWEY
_c1
_i40168
_lCCODEBUL1
_mBUL
_r0
_sY
_tBOOK
_u2015-6-16
_xTEOLOGIA
_zUNKNOWN
_0COMPRA
_o.STAFF. Colección General
994 _aC0
_bPEPRU
596 _a1
999 _a956.94 B38
_wDEWEY
_c57961
_i40168
_f2021-11-12
_g5
_lCCODEBUL1
_mBUL
_r0
_sY
_tBOOK
_u2015-6-16
_xTEOLOGIA
_zUNKNOWN
_0COMPRA
_o.STAFF. Colección General
_d57961
980 _81
_gALBERTO SANCHEZ Responsable de Automatización